000 00502nam a2200121Ia 4500
008 220620s9999||||xx |||||||||||||| ||und||
100 _aXing-Tai Li
245 0 _aChinese Medical Therapies for Diabetes, Infertility, Silicosis and the Theoretical Basis
546 _aEnglish[eng]
650 _aMedicine||Complementary Medicine||Herbalism||Health Sciences
856 _uhttps://www.intechopen.com/books/chinese-medical-therapies-for-diabetes-infertility-silicosis-and-the-theoretical-basis
942 _cEB
999 _c32830
_d32830